000 00786nam a2200229 a 4500
005 20241012063720.0
008 010801s1996 es r 000 0 spa d
020 _a8433011766
035 _aUPN01000110388
049 _aCG
050 4 _aRC480.8
_bW3.28
100 1 _aWachtel, Paul L.
245 1 3 _aLa comunicación terapéutica :
_bprincipios y práctica eficaz /
_cPaul L. Wachtel ; tr. Olga Maiz.
260 _aBilbao, Esp. :
_bDesclée de Brouwer,
_cc1996.
300 _a313 p.
440 0 _aBiblioteca de psicología ;
_v82
534 _pTraducción de:
_tTherapeutic communication, principles and effective practice
650 4 _aRELACIONES PSICOTERAPEUTA-PACIENTE
_925716
650 4 _aCOMUNICACION EN LA PSICOLOGIA
_99560
650 4 _aPsicoterapia
_98720
902 _aLibro
999 _c84297
_d84297